Epistolario quitense del gran mariscal Antonio José de Sucre
Gardado en:
| Autor Corporativo: | |
|---|---|
| Formato: | Libro |
| Idioma: | Lingua castelá |
| Publicado: |
Quito
Barzola
1997
|
| Subjects: | |
| Tags: |
Engadir etiqueta
Sen Etiquetas, Sexa o primeiro en etiquetar este rexistro!
|
MARC
| LEADER | 00000nam a2200000 a 4500 | ||
|---|---|---|---|
| 001 | UCP8679 | ||
| 003 | CL-VaPUC | ||
| 008 | 000310e19970000EC |||||||||||||||||spa|d | ||
| 082 | 0 | 4 | |a 986.604 |b ARC |2 21 |
| 110 | 2 | |a Archivo Municipal de Historia |e author |9 438789 | |
| 245 | 1 | 0 | |a Epistolario quitense del gran mariscal Antonio José de Sucre |
| 300 | |a v | ||
| 942 | |c BK | ||
| 945 | |d 20000310 00:00:00 |a crobeson | ||
| 260 | |a Quito |b Barzola |c 1997 | ||
| 600 | 0 | 7 | |a SUCRE, ANTONIO JOSE DE |2 CL-VaPUC |9 352075 |
| 650 | 7 | |a HISTORIA ECUATORIANA |2 CL-VaPUC |9 393516 | |
| 650 | 0 | |a Epistolarios |9 438790 | |
| 583 | |a last modification |c 20000310 00:00:00 |k Rodrigo Vera | ||
| 999 | |c 285570 |d 285568 | ||
| 952 | |0 0 |1 0 |4 0 |6 986_604000000000000_ARC_1997 |7 0 |8 A |9 330264 |a BIBHIS |b BIBHIS |d 2019-11-20 |h v.1 |i 3448207 |o 986.604 ARC 1997 |p 3448207 |r 2025-01-20 |w 2019-11-20 |y BK |k HIS | ||